Southville International School and Colleges
Your cart is empty.
  • Cart
  • Lists
    Public lists Eva Luna New books Lux_list list_1
    Your lists Log in to create your own lists
  • Log in to your account
  • Your cookies
  • Search history
Southville International School and Colleges
  • Advanced search
  • Recent comments
  • Most popular
  • Libraries

Log in to your account

Log in with GOOGLE


If you do not have an external account, but do have a local account, you can still log in:

  1. Home
  2. MARC view: Honey, honey--lion! : a story from Africa /
Normal view MARC view ISBD view

Honey, honey--lion! : a story from Africa / (Record no. 114753)

[ view plain ]
MARC details
000 -LEADER
fixed length control field 00702nam a2200181 a 4500
005 - DATE AND TIME OF LATEST TRANSACTION
control field 20140414132111.0
008 - FIXED-LENGTH DATA ELEMENTS--GENERAL INFORMATION
fixed length control field 110513s19uu xx 00 eng d
020 ## - INTERNATIONAL STANDARD BOOK NUMBER
International Standard Book Number 9780399244636
050 ## - LIBRARY OF CONGRESS CALL NUMBER
Classification number TR
Item number H75 2005
100 ## - MAIN ENTRY--PERSONAL NAME
Personal name Brett, Jan, 1949-
245 ## - TITLE STATEMENT
Title Honey, honey--lion! : a story from Africa /
Statement of responsibility, etc Jan Brett.
260 ## - PUBLICATION, DISTRIBUTION, ETC. (IMPRINT)
Place of publication, distribution, etc New York :
Name of publisher, distributor, etc Scholastic ,
Date of publication, distribution, etc c2005.
520 ## - SUMMARY, ETC.
Summary, etc After working together to obtain honey, the African honey badger always shares it with his partner, the honeyguide bird, until one day when the honey badger becomes greedy and his feathered friend decides to teach him a lesson.
650 ## - SUBJECT ADDED ENTRY--TOPICAL TERM
Topical term or geographic name as entry element Honey badger
650 ## - SUBJECT ADDED ENTRY--TOPICAL TERM
Topical term or geographic name as entry element Honeyguides
650 ## - SUBJECT ADDED ENTRY--TOPICAL TERM
Topical term or geographic name as entry element Symbiosis
Holdings
Withdrawn status Lost status Damaged status Use restrictions Home library Current library Shelving location Date acquired Source of acquisition Cost, normal purchase price Total Checkouts Full call number Barcode Date last seen Price effective from Koha item type
        Munich Library Munich Library Teachers Reference Section 05/13/2011   135.00   TR H75 2005 M6647 04/14/2014 04/14/2014 Books

Honey, honey--lion! : a story from Africa /

APA

Brett J. 1., . (2005). Honey, honey--lion! : a story from Africa. New York: Scholastic.

Chicago

Brett Jan 1949, . 2005. Honey, honey--lion! : a story from Africa. New York: Scholastic.

Harvard

Brett J. 1., . (2005). Honey, honey--lion! : a story from Africa. New York: Scholastic.

MLA

Brett Jan 1949, . Honey, honey--lion! : a story from Africa. New York: Scholastic. 2005.

  • Place hold
  • Print
  • Cite
  • Add to your cart (remove)
  • Save record
    BIBTEX Dublin Core MARCXML MARC (non-Unicode/MARC-8) MARC (Unicode/UTF-8) MARC (Unicode/UTF-8, Standard) MODS (XML) RIS
  • More searches
    Search for this title in:
    Other Libraries (WorldCat) Other Databases (Google Scholar) Online Stores (Bookfinder.com) Open Library (openlibrary.org)

Exporting to Dublin Core...

SOUTHVILLE LIBRARY

Southville International School and Colleges Library

1281 Tropical Ave. Cor. Luxembourg St., BF Homes International, Las Pinas City

Tel. No. 8256374 / 252358 Loc. 117/146

Powered by Koha